Soldados de Salamina / (رقم التسجيلة. 125503)

تفاصيل مارك
000 -LEADER
fixed length control field 01015cam a22003374a 4500
008 - FIXED-LENGTH DATA ELEMENTS--GENERAL INFORMATION
fixed length control field 010326s2001 sp 000 1 spa
010 ## - LIBRARY OF CONGRESS CONTROL NUMBER
LC control number 2001414994
020 ## - INTERNATIONAL STANDARD BOOK NUMBER
International Standard Book Number 8483101610
040 ## - CATALOGING SOURCE
Original cataloging agency DLC
Transcribing agency DLC
Modifying agency DLC
043 ## - GEOGRAPHIC AREA CODE
Geographic area code e-sp---
050 00 - LIBRARY OF CONGRESS CALL NUMBER
Classification number PQ6653.E62
Item number S66 2001
082 00 - DEWEY DECIMAL CLASSIFICATION NUMBER
Classification number 863.64
Edition number 21
092 04 - LOCALLY ASSIGNED DEWEY CALL NUMBER (OCLC)
Classification number 863.64
Item number C412s
Edition number 21
099 ## - LOCAL FREE-TEXT CALL NUMBER (OCLC)
Classification number 04
-- 863.64 C412s
100 1# - MAIN ENTRY--PERSONAL NAME
Personal name Cercas, Javier,
Dates associated with a name 1962-
245 10 - TITLE STATEMENT
Title Soldados de Salamina /
Statement of responsibility, etc. Javier Cercas.
250 ## - EDITION STATEMENT
Edition statement 1a. ed.
260 ## - PUBLICATION, DISTRIBUTION, ETC.
Place of publication, distribution, etc. Barcelona :
Name of publisher, distributor, etc. Tusquets Editores,
Date of publication, distribution, etc. 2001.
300 ## - PHYSICAL DESCRIPTION
Extent 209 p. ;
Dimensions 22 cm.
490 0# - SERIES STATEMENT
Series statement Coleccion Andanzas ;
Volume/sequential designation 433
600 10 - SUBJECT ADDED ENTRY--PERSONAL NAME
Personal name Cercas, Javier,
Dates associated with a name 1962-
600 10 - SUBJECT ADDED ENTRY--PERSONAL NAME
Personal name Sanchez-Mazas, Rafael,
Dates associated with a name 1894-1966
Form subdivision Fiction.
650 #0 - SUBJECT ADDED ENTRY--TOPICAL TERM
Topical term or geographic name entry element Spanish fiction
Chronological subdivision 20th century.
651 #0 - SUBJECT ADDED ENTRY--GEOGRAPHIC NAME
Geographic name Spain
General subdivision History
Chronological subdivision Civil War, 1936-1939
Form subdivision Fiction.
830 #0 - SERIES ADDED ENTRY--UNIFORM TITLE
Uniform title Coleccion Andanzas ;
Volume/sequential designation 433.
902 ## - LOCAL DATA ELEMENT B, LDB (RLIN)
No. of Items 2
905 ## - LOCAL DATA ELEMENT E, LDE (RLIN)
Cataloger Jamal
Reviser Cat.
905 ## - LOCAL DATA ELEMENT E, LDE (RLIN)
Cataloger Jihan
Reviser Rev.
942 ## - ADDED ENTRY ELEMENTS (KOHA)
Source of classification or shelving scheme Dewey Decimal Classification
Koha item type Books
المقتنيات
Source of classification or shelving scheme Not for loan Home library Current library Date acquired Full call number Barcode Date last seen Koha item type Copy number
Dewey Decimal Classification   المكتبة المركزبة الجديدة - جامعة القاهرة قاعة الثقاقات الاجنبية - الدور الثالث 11.02.2024 863.64 C412s c.2 Spa. 01000116001766000 05.07.2024 Books  
Dewey Decimal Classification   المكتبة المركزبة الجديدة - جامعة القاهرة قاعة الثقاقات الاجنبية - الدور الثالث 11.02.2024 863.64 C412s Spa. 01000116001765000 05.07.2024 Books C.1
Cairo University Libraries Portal Implemented & Customized by: Eng. M. Mohamady Contacts: new-lib@cl.cu.edu.eg | cnul@cl.cu.edu.eg
CUCL logo CNUL logo
© All rights reserved — Cairo University Libraries
CUCL logo
Implemented & Customized by: Eng. M. Mohamady Contact: new-lib@cl.cu.edu.eg © All rights reserved — New Central Library
CNUL logo
Implemented & Customized by: Eng. M. Mohamady Contact: cnul@cl.cu.edu.eg © All rights reserved — Cairo National University Library